000 00735cam a2200217 a 4500
001 000001296
005 20200929145532.0
008 781031s1976 ja a b 100 0 eng
020 _a0860081699
040 _aDO-SdBNP
_cDLC
_dDLC
082 _a615.329
_bT316p
100 1 _aTereshin, Igor M.
_94384
245 1 0 _aPolyene antibiotics :
_bpresent and future /
_cIgor M. Tereshin.
260 _aTokyo :
_bUniversity of Tokyo Press,
_c1976.
300 _a144 p. :
_bil. ;
_c24 cm.
504 _aIncluye referencias bibliográficas.
504 _aIncluye referencias biográficas del autor.
650 4 _aAntibióticos de polieno
_xCongresos, conferencias, etc.
_94385
650 4 _aPolienos
_94386
910 _aCatalogación por copia / LC
999 _c1235
_d1235